000 00489nam a2200181Ia 4500
005 20250508151720.0
008 008 250505s9999 xx 000 0 eng d
037 _aTextual
040 _aFEDL
_beng
_cFEDL
041 _aeng
_2eng
084 _aB, BLI
_qFEDL
100 _aBlishen Edward
_9357046
245 0 _aRoaring boys: A schoolmaster's Agony
260 _aLondon, UK
_bThames and Hudson
_c1955
300 _a257p
942 _cTEXL
_hB, BLI
999 _c1331638
_d1331638